Nommer les Roches - Statistiques

Statistiques générales
  • Ce quiz a été pris 159 fois
  • Le résultat moyen est 10 sur 40
Statistiques - réponses
Réponse % Correct
Granite
87%
Basalte
85%
Gabbro
66%
Grès
65%
Gneiss
53%
Rhyolite
52%
Gypse
47%
Argile
46%
Andésite
45%
Diorite
42%
Halite
41%
Marbre
40%
Charbon
39%
Conglomérat
36%
Marne
30%
Trachyte
25%
Biodétritique
24%
Micaschiste
24%
Eclogite
21%
Ardoise
16%
Dolomie
14%
Schiste vert
14%
Amphibolite
13%
Quartzite
13%
Lignite
10%
Anthracite
9%
Graphite
9%
Tourbe
8%
Calcaire Oolithique
7%
Syénite
7%
Siltite
4%
Calcaire Lithographique
3%
Schiste à chlorite
2%
Sels
2%
Dolomie primaire
1%
Travertin
1%
Bioconstruits
0%
Calcaire concrétionné
0%
Cargneule
0%
Gneiss à chlorite
0%
Aucun quiz correspondant
Distribution des résultats
% des personnes avec chaque résultat
Percentile par nombre de réponses
Votre historique - résultats
Vous n’avez pas pris ce quiz